|
|
|
|
| LEADER |
00000nab a2200000 a 4500 |
| 001 |
vtls000509980 |
| 003 |
SK-MaSNL |
| 005 |
20260304090843.0 |
| 008 |
250425c1993 xo 0 slo |
| 015 |
|
|
|a SNBRB19rr/mm-uuuuu
|
| 035 |
|
|
|a CL0510118
|
| 035 |
|
|
|a urn:nbn:sk:snk-abcqg
|
| 035 |
|
|
|a (urnnbn)urn:nbn:sk:snk:ar-a03ess
|
| 035 |
|
|
|a (uuid)62a82dab-d62f-4fd9-b1ac-eec3fdbc3829
|
| 040 |
|
|
|a SNKBUCL
|b slo
|c SNKBUCL
|e AACR2
|
| 041 |
0 |
|
|a slo
|
| 044 |
|
|
|a xo
|c SK
|
| 080 |
|
|
|a 615.4:616-7
|2 1981
|
| 080 |
|
|
|a 616-7
|2 1981
|
| 245 |
0 |
0 |
|a Biomateriály na báze kolagénu
|c Katarína Vizárová, Milena Reháková, Dušan Bakoš, Ivan Vaňo
|
| 300 |
|
|
|b Tab. 4, res. angl., lit. 21 zázn. v angl.
|
| 650 |
0 |
7 |
|a kolagén
|2 snkbucl
|9 18305
|
| 650 |
0 |
7 |
|a biologické materiály
|2 snkbucl
|9 90749
|
| 655 |
|
7 |
|a články z novín a časopisov
|2 snkbucl
|9 267496
|
| 700 |
1 |
|
|a Vizárová, Katarína,
|d 1965-
|4 aut
|9 201874
|
| 700 |
1 |
|
|a Reháková, Milena,
|d 1964-
|4 aut
|9 246386
|
| 700 |
1 |
|
|a Bakoš, Dušan,
|d 1946-
|4 aut
|9 194935
|
| 700 |
1 |
|
|a Vaňo, Ivan
|c lekár
|4 aut
|9 79867
|
| 773 |
0 |
|
|t Bratislavské lekárske listy
|g Roč. 94, č. 12 (1993), s. 633-637
|
| 850 |
|
|
|a Slovenská národná knižnica
|
| 852 |
|
|
|a Slovenská národná knižnica
|
| 954 |
|
|
|a odborná, vedecká literatúra pôvodná (slovenská)
|2 lita
|
| 958 |
|
|
|a article27
|
| 958 |
|
|
|a MI
|
| 958 |
|
|
|a NB
|
| 958 |
|
|
|a RK
|
| 958 |
|
|
|a OND
|
| 958 |
|
|
|a EUIPO
|
| 992 |
|
|
|a RBX
|
| 999 |
|
|
|c 2813021
|d 2814951
|